[Event "Andorra open"]
[Site "Escaldes"]
[Date "2022.07.26"]
[Round "3.1"]
[White "Iniyan, P."]
[Black "Rojas Keim, Luis"]
[Result "1-0"]
[WhiteElo "2533"]
[BlackElo "2375"]
[PlyCount "57"]
[EventDate "2022.07.24"]
[EventCountry "AND"]

1. d4 Nf6 2. c4 e6 3. Nc3 c5 4. d5 exd5 5. cxd5 d6 6. e4 g6 7. Nge2 Bg7 8. Ng3
O-O 9. Be2 Na6 10. O-O Nc7 11. Bg5 h6 12. Be3 Bd7 13. e5 dxe5 14. Bxc5 Re8 15.
Nge4 Ncxd5 16. Nd6 Nxc3 17. bxc3 Qc7 18. Nxe8 Bxe8 19. Bd6 Qxc3 20. Rc1 Qa5 21.
Qb3 Bc6 22. Bc4 Bd5 23. Rfd1 Bxc4 24. Rxc4 Ne8 25. Rc5 Qd8 26. Bf8 Qg5 27. Bxg7
Nxg7 28. Qxb7 Rd8 29. Rxd8+ 1-0

[Event "Andorra open"]
[Site "Escaldes"]
[Date "2022.07.26"]
[Round "3.2"]
[White "Katz, Alexander"]
[Black "Neugebauer, Martin"]
[Result "1/2-1/2"]
[WhiteElo "2402"]
[BlackElo "2528"]
[PlyCount "80"]
[EventDate "2022.07.24"]
[EventCountry "AND"]

1. e4 c5 2. Nf3 d6 3. d4 cxd4 4. Nxd4 Nf6 5. Nc3 Nc6 6. Bg5 e6 7. Qd2 a6 8.
O-O-O Bd7 9. f3 Nxd4 10. Qxd4 Be7 11. h4 h6 12. Be3 h5 13. Be2 Rc8 14. f4 Qc7
15. Kb1 e5 16. Qd3 Be6 17. Nd5 Bxd5 18. exd5 e4 19. Qb3 O-O 20. f5 Rfe8 21.
Rhg1 Ng4 22. Bxg4 hxg4 23. h5 Bf6 24. Rgf1 Qc4 25. Qxc4 Rxc4 26. Rde1 Kh7 27.
b3 Rc3 28. Bd2 Rc5 29. c4 b5 30. Bb4 Rcc8 31. cxb5 axb5 32. Rf4 Re5 33. Rxg4 e3
34. Rf4 Rxd5 35. Re4 Rd2 36. Bxd2 exd2 37. Rd1 Bg5 38. Kb2 Rc1 39. Rxd2 Bxd2
40. Rd4 Bc3+ 1/2-1/2

[Event "Andorra open"]
[Site "Escaldes"]
[Date "2022.07.26"]
[Round "3.3"]
[White "Asis Gargatagli, Hipolito"]
[Black "Ajay Krishna, S."]
[Result "1/2-1/2"]
[WhiteElo "2514"]
[BlackElo "2372"]
[PlyCount "81"]
[EventDate "2022.07.24"]
[EventCountry "AND"]

1. e4 c5 2. Nc3 Nc6 3. Nge2 Nd4 4. Nxd4 cxd4 5. Nb5 e5 6. Qh5 d6 7. Bc4 g6 8.
Qf3 Be6 9. Bxe6 fxe6 10. O-O a6 11. Na3 Bg7 12. c3 Nf6 13. cxd4 exd4 14. Qh3
Qe7 15. d3 O-O 16. Bg5 Rac8 17. Rae1 Rc5 18. f4 h6 19. Bxf6 Rxf6 20. Nc4 Rf8
21. Qg4 b5 22. Nd2 Rc2 23. Nf3 Rxb2 24. Nh4 h5 25. Qg3 Rc8 26. Nxg6 Qf7 27. f5
Kh7 28. Qh3 Rcc2 29. Nh4 e5 30. f6 Bh6 31. Qf5+ Kg8 32. Rf3 Bf4 33. Rxf4 exf4
34. e5 dxe5 35. Qxe5 Rc6 36. Qg5+ Kh7 37. Nf5 Qg6 38. Re7+ Kh8 39. Re8+ Kh7 40.
Re7+ Kh8 41. Re8+ 1/2-1/2

[Event "Andorra open"]
[Site "Escaldes"]
[Date "2022.07.26"]
[Round "3.4"]
[White "Garriga Cazorla, Pere"]
[Black "Bilych, Olexiy"]
[Result "1/2-1/2"]
[WhiteElo "2505"]
[BlackElo "2365"]
[PlyCount "54"]
[EventDate "2022.07.24"]
[EventCountry "AND"]

1. d4 Nf6 2. c4 e6 3. Nc3 Bb4 4. e3 O-O 5. Bd3 d5 6. cxd5 exd5 7. a3 Bd6 8. Qc2
Na6 9. Nf3 c5 10. O-O c4 11. Be2 Nc7 12. a4 Na6 13. b3 Nb4 14. Qb1 cxb3 15.
Qxb3 a5 16. Ba3 Bf5 17. Rac1 Rc8 18. Ne5 h5 19. h3 h4 20. Nb5 Be7 21. Nd3 Bxd3
22. Bxd3 g6 23. Be2 Qd7 24. Bf3 Rc6 25. Na7 Ra6 26. Nb5 Rc6 27. Na7 Ra6 1/2-1/2

[Event "Andorra open"]
[Site "Escaldes"]
[Date "2022.07.26"]
[Round "3.5"]
[White "Glavina, Pablo"]
[Black "Solodovnichenko, Yuri"]
[Result "1/2-1/2"]
[WhiteElo "2394"]
[BlackElo "2497"]
[PlyCount "97"]
[EventDate "2022.07.24"]
[EventCountry "AND"]

{[%evp 0,97,19,29,23,-4,1,-22,-4,-17,-40,-69,-62,-66,-56,-86,-77,-112,-99,-95,
-73,-71,-42,-37,10,14,9,11,29,-6,16,3,27,57,20,23,5,-56,-24,-15,-14,-8,-2,-6,
12,-1,29,21,19,1,1,-28,-66,-75,-3,-28,-18,-30,-36,-45,-36,-33,-35,-29,-14,-5,
-2,-21,-19,0,0,16,0,0,8,36,56,54,27,35,28,0,0,0,33,0,105,106,105,105,93,108,
104,93,96,30,35,13,0,0]} 1. Nf3 d5 2. c4 e6 3. g3 dxc4 4. Bg2 a6 5. a4 Nc6 6.
O-O Nf6 7. a5 Bb4 8. Ne5 Nxe5 9. Qa4+ Bd7 10. Qxb4 Bc6 11. Bxc6+ bxc6 12. f4
Ng6 13. Qxc4 Qd5 14. Ra4 Ne7 15. b3 Qxc4 16. Rxc4 Rb8 17. b4 h5 18. h3 Nf5 19.
Kh2 Kd7 20. Ba3 Nd6 21. Rd4 Kc8 22. Rc1 Kb7 23. Bb2 Rhd8 24. Kg2 Nd5 25. Kf3 f6
26. e4 Ne7 27. Nc3 e5 28. Rd3 Nc4 29. Rxd8 Rxd8 30. Na4 Nxb2 31. Nxb2 Rxd2 32.
Na4 Rd3+ 33. Ke2 Rxg3 34. fxe5 f5 35. Nc5+ Ka7 36. exf5 Nxf5 37. e6 Rxh3 38.
Rd1 Re3+ 39. Kf2 g5 40. Rd7 g4 41. Rxc7+ Kb8 42. Rf7 g3+ 43. Kf1 Nd6 44. Rh7
Ne4 45. Nxa6+ Kc8 46. Rxh5 Kb7 47. Nc5+ Nxc5 48. Rxc5 Rxe6 49. b5 1/2-1/2

[Event "Andorra open"]
[Site "Escaldes"]
[Date "2022.07.26"]
[Round "3.6"]
[White "Lopez Martinez, Josep Manuel"]
[Black "Vestby-Ellingsen, Mads"]
[Result "0-1"]
[WhiteElo "2486"]
[BlackElo "2351"]
[PlyCount "58"]
[EventDate "2022.07.24"]
[EventCountry "AND"]

1. c4 Nf6 2. d4 e6 3. Nf3 d5 4. Bg5 Be7 5. Nc3 h6 6. Bxf6 Bxf6 7. e4 dxe4 8.
Nxe4 Be7 9. Qd2 O-O 10. O-O-O b5 11. c5 Bb7 12. Qe3 b4 13. Bd3 Bd5 14. g4 f5
15. gxf5 exf5 16. Ned2 Bg5 17. Nxg5 Qxg5 18. f4 Qf6 19. Bc4 Qf7 20. Qb3 Rd8 21.
Qxb4 Nc6 22. Qc3 Rab8 23. a3 Bxc4 24. Nxc4 Qd5 25. Ne3 Qa2 26. Nxf5 Rb3 27.
Qc4+ Kh8 28. Qc2 Rdb8 29. Rd2 Rxb2 0-1

[Event "Andorra open"]
[Site "Escaldes"]
[Date "2022.07.26"]
[Round "3.7"]
[White "Alonso Garcia, Aaron"]
[Black "Aronyak, Ghosh"]
[Result "1/2-1/2"]
[WhiteElo "2374"]
[BlackElo "2486"]
[PlyCount "33"]
[EventDate "2022.07.24"]
[EventCountry "AND"]

1. e4 c5 2. Nf3 d6 3. d4 cxd4 4. Nxd4 Nf6 5. Nc3 Bd7 6. h3 Nc6 7. Be3 Nxd4 8.
Bxd4 e5 9. Be3 Bc6 10. f3 d5 11. exd5 Nxd5 12. Nxd5 Bxd5 13. Bb5+ Bc6 14. Bxc6+
bxc6 15. Qxd8+ Kxd8 16. O-O-O+ Kc7 17. f4 1/2-1/2

[Event "Andorra open"]
[Site "Escaldes"]
[Date "2022.07.26"]
[Round "3.8"]
[White "Porras Mateo, Felipe"]
[Black "Rathanvel, V S."]
[Result "0-1"]
[WhiteElo "2340"]
[BlackElo "2478"]
[PlyCount "60"]
[EventDate "2022.07.24"]
[EventCountry "AND"]

1. e4 c5 2. g3 d5 3. exd5 Qxd5 4. Nf3 Bg4 5. Bg2 Qe6+ 6. Kf1 Nc6 7. h3 Bh5 8.
d3 Qd7 9. Nbd2 f6 10. Ne4 b6 11. a4 Rc8 12. Bd2 f5 13. Nc3 Nf6 14. a5 bxa5 15.
Bf4 e6 16. Qd2 Bd6 17. Bxd6 Qxd6 18. Qf4 e5 19. Nxe5 Nxe5 20. Re1 Nfd7 21. Qg5
Bg6 22. f4 O-O 23. fxe5 Nxe5 24. Qf4 Rce8 25. Nd5 Bf7 26. Ne3 Qb6 27. b3 Ng6
28. Qf2 f4 29. gxf4 Nxf4 30. Kg1 Nxg2 0-1

[Event "Andorra open"]
[Site "Escaldes"]
[Date "2022.07.26"]
[Round "3.9"]
[White "Karthik, Rajaa"]
[Black "Holm, Kristian Stuvik"]
[Result "1/2-1/2"]
[WhiteElo "2331"]
[BlackElo "2463"]
[PlyCount "32"]
[EventDate "2022.07.24"]
[EventCountry "AND"]

1. Nf3 g6 2. d4 Bg7 3. c4 c5 4. d5 b5 5. Nbd2 b4 6. e4 d6 7. Bd3 Nf6 8. O-O O-O
9. Re1 e5 10. a3 Na6 11. Nf1 Ne8 12. Qc2 f5 13. Bd2 Rb8 14. axb4 fxe4 15. Bxe4
cxb4 16. Be3 Qc7 1/2-1/2

[Event "Andorra open"]
[Site "Escaldes"]
[Date "2022.07.26"]
[Round "3.10"]
[White "Berkovich, Mark A"]
[Black "Zoler, Dan"]
[Result "0-1"]
[WhiteElo "2324"]
[BlackElo "2449"]
[PlyCount "68"]
[EventDate "2022.07.24"]
[EventCountry "AND"]

1. d4 Nf6 2. Nf3 b6 3. g3 Bb7 4. Bg2 g6 5. c4 Bg7 6. O-O O-O 7. d5 Ne4 8. Qc2
f5 9. Nbd2 Nd6 10. e4 e6 11. exf5 exf5 12. Nb3 Qf6 13. Rb1 Na6 14. Nbd4 Nb4 15.
Qb3 c5 16. dxc6 Nxc6 17. Nxc6 Bxc6 18. c5+ Nf7 19. cxb6 Be4 20. Be3 axb6 21.
Bd4 Qe6 22. Qxe6 dxe6 23. Bxg7 Kxg7 24. Nd4 Kf6 25. Bxe4 fxe4 26. a3 Rfd8 27.
Ne2 Ne5 28. Rfd1 Rac8 29. Nc3 Nf3+ 30. Kg2 Ke5 31. h3 g5 32. Rbc1 h5 33. Kf1
Rd3 34. Na4 Rc2 0-1

[Event "Andorra open"]
[Site "Escaldes"]
[Date "2022.07.26"]
[Round "3.11"]
[White "Defromont, Benjamin"]
[Black "Adla, Diego"]
[Result "1/2-1/2"]
[WhiteElo "2268"]
[BlackElo "2407"]
[PlyCount "36"]
[EventDate "2022.07.24"]
[EventCountry "AND"]

1. e4 c6 2. Nf3 d5 3. Nc3 Bg4 4. h3 Bxf3 5. Qxf3 Nf6 6. d4 dxe4 7. Qe3 Nbd7 8.
Nxe4 Nxe4 9. Qxe4 Nf6 10. Qd3 e6 11. Be2 Qc7 12. O-O Rd8 13. c3 Be7 14. Qf3 O-O
15. Bf4 Bd6 16. Bg5 Be7 17. Bf4 Bd6 18. Bg5 Be7 1/2-1/2

[Event "Andorra open"]
[Site "Escaldes"]
[Date "2022.07.26"]
[Round "3.12"]
[White "Kobo, Ori"]
[Black "Arpan, Das (Jr)"]
[Result "1-0"]
[WhiteElo "2534"]
[BlackElo "2178"]
[PlyCount "79"]
[EventDate "2022.07.24"]
[EventCountry "AND"]

1. d4 Nf6 2. Nf3 g6 3. g3 Bg7 4. Bg2 O-O 5. O-O d6 6. Re1 Nc6 7. d5 Na5 8. e4
c6 9. h3 Bd7 10. c3 Rc8 11. Na3 cxd5 12. exd5 b5 13. Nd4 a6 14. Nac2 Re8 15.
Nb4 Qb6 16. Ndc6 Nxc6 17. dxc6 Bxc6 18. Be3 Qb7 19. Nxc6 Rxc6 20. Bxc6 Qxc6 21.
a4 Nd7 22. axb5 axb5 23. Bd4 Ne5 24. Bxe5 Bxe5 25. Qd3 Rb8 26. Re4 Kg7 27. Rb4
Qb6 28. c4 Qc5 29. Rxb5 Rxb5 30. cxb5 Bxb2 31. Rd1 e5 32. Qd5 Qb4 33. Rb1 Qa3
34. b6 Bd4 35. Qxd4 exd4 36. b7 d3 37. b8=Q d2 38. Rd1 Qc1 39. Qb1 Qc3 40. Qa2
1-0

[Event "Andorra open"]
[Site "Escaldes"]
[Date "2022.07.26"]
[Round "3.13"]
[White "Kogan, Arthur"]
[Black "Martinez Lopez, Ivan"]
[Result "1-0"]
[WhiteElo "2476"]
[BlackElo "2213"]
[PlyCount "87"]
[EventDate "2022.07.24"]
[EventCountry "AND"]

1. e4 e5 2. Nf3 Nc6 3. d4 exd4 4. Nxd4 Nf6 5. Nxc6 bxc6 6. Nd2 d6 7. Bd3 Be7 8.
O-O O-O 9. f4 Nd7 10. Nb3 Nb6 11. Na5 Bd7 12. Bd2 Rb8 13. c4 Bf6 14. e5 dxe5
15. fxe5 Bxe5 16. Bxh7+ Kxh7 17. Qh5+ Kg8 18. Qxe5 f6 19. Qg3 Be8 20. Rf2 Na4
21. b4 Qd6 22. Qa3 c5 23. b5 Qd4 24. Rc1 Nb6 25. Be3 Qe5 26. Bxc5 Rf7 27. Rd2
Qe4 28. Bf2 Rd7 29. Rxd7 Bxd7 30. Qc5 Rc8 31. Bg3 Be6 32. Re1 Qg4 33. Nc6 Re8
34. Bxc7 Nxc4 35. Nd4 Ne5 36. Bxe5 fxe5 37. Nxe6 Qxe6 38. Qxa7 Qd5 39. a4 e4
40. Qe3 Qc4 41. Rb1 Qxa4 42. Qb3+ Qxb3 43. Rxb3 e3 44. Kf1 1-0

[Event "Andorra open"]
[Site "Escaldes"]
[Date "2022.07.26"]
[Round "3.14"]
[White "Narciso Dublan, Marc"]
[Black "Weber, Samuel"]
[Result "1-0"]
[WhiteElo "2461"]
[BlackElo "2227"]
[PlyCount "179"]
[EventDate "2022.07.24"]
[EventCountry "AND"]

1. d4 Nf6 2. Bg5 d5 3. e3 Bf5 4. Bxf6 exf6 5. Nd2 Bd6 6. Ne2 c6 7. c4 dxc4 8.
Nxc4 Bc7 9. Nc3 O-O 10. Be2 Re8 11. O-O Be6 12. Qd3 Nd7 13. Rfd1 f5 14. g3 Nf6
15. Bf3 g6 16. Nd2 Qe7 17. Nb3 Bd6 18. d5 Nxd5 19. Nxd5 Bxd5 20. Bxd5 cxd5 21.
Qxd5 Be5 22. Na5 Rab8 23. Nc4 Bf6 24. Qa5 a6 25. Rac1 Red8 26. b3 Rbc8 27. a4
Qe6 28. Qb4 Qe7 29. Rxd8+ Rxd8 30. Qxe7 Bxe7 31. Na5 b5 32. Nc6 Rd7 33. axb5
axb5 34. Nd4 Rb7 35. Rc6 Kg7 36. Kf1 h5 37. h4 Bf8 38. Ke2 Bb4 39. Ra6 Bc5 40.
Kd3 Bb4 41. Ra2 Kf6 42. Rc2 Be1 43. Ke2 Bb4 44. Rc6+ Ke7 45. Nc2 Bd6 46. Ra6
Bc5 47. b4 Bd6 48. f4 Rc7 49. Kd3 Rc4 50. Ra7+ Kf8 51. Rb7 Bxb4 52. Rxb5 Rc3+
53. Kd2 Rxc2+ 54. Kxc2 Be1 55. Rb1 Ba5 56. Kd3 Ke7 57. e4 fxe4+ 58. Kxe4 Kf6
59. Ra1 Bb4 60. Ra6+ Kg7 61. f5 Bc3 62. Rc6 Bf6 63. Rc7 Kf8 64. fxg6 fxg6 65.
Kd5 Kg8 66. Ke6 Bd4 67. Rc4 Ba1 68. g4 hxg4 69. Rxg4 Kh7 70. Kf7 Kh6 71. Rxg6+
Kh5 72. Rg1 Bd4 73. Rh1 Bf2 74. Kf6 Bg3 75. Kf5 Bf2 76. Kf4 Bc5 77. Rd1 Ba3 78.
Kg3 Bb4 79. Kh3 Be7 80. Rd5+ Kh6 81. Kg4 Ba3 82. Ra5 Bc1 83. Ra6+ Kh7 84. Kh5
Be3 85. Re6 Bc5 86. Rc6 Bf8 87. Rc7+ Bg7 88. Kg5 Kg8 89. Kg6 Bf8 90. Rc8 1-0

[Event "Andorra open"]
[Site "Escaldes"]
[Date "2022.07.26"]
[Round "3.15"]
[White "Saya, Ethan"]
[Black "Cruz Lledo, Pablo"]
[Result "1/2-1/2"]
[WhiteElo "2171"]
[BlackElo "2433"]
[PlyCount "217"]
[EventDate "2022.07.24"]
[EventCountry "AND"]

1. e4 c6 2. d4 d5 3. Nd2 dxe4 4. Nxe4 Nf6 5. Nxf6+ exf6 6. c3 Bf5 7. Bd3 Bxd3
8. Qxd3 Bd6 9. Qe4+ Be7 10. Ne2 O-O 11. O-O Re8 12. Nf4 Bf8 13. Qf3 Nd7 14. Nd3
Nb6 15. Bf4 Qd7 16. Rfe1 Qf5 17. Qg3 Nd5 18. Bd2 Bd6 19. Qf3 Qxf3 20. gxf3 Ne7
21. Bf4 Bxf4 22. Nxf4 Nf5 23. Ng2 Kf8 24. Kf1 a5 25. Rxe8+ Kxe8 26. Ke2 a4 27.
Kd3 Ra5 28. Ne3 Nd6 29. Rg1 g6 30. c4 Rh5 31. Rh1 Rh3 32. Ke2 Rh4 33. Rd1 Ke7
34. Rd3 Rxh2 35. c5 Nb5 36. Nc4 Rh1 37. Na5 Rb1 38. Rd2 h5 39. f4 g5 40. f3 a3
41. bxa3 Nc3+ 42. Kf2 g4 43. Rc2 Nb5 44. Re2+ Kf8 45. fxg4 hxg4 46. Nxb7 Nxd4
47. Rd2 Ne6 48. Nd8 Nxc5 49. Rd4 f5 50. Nxc6 Ne4+ 51. Kg2 Rb2+ 52. Kg1 Nf2 53.
Kg2 Ne4+ 54. Kg1 Nc3 55. Rb4 Rd2 56. a4 Kg7 57. a3 Ra2 58. Rb3 Ne2+ 59. Kf1
Nxf4 60. a5 Rc2 61. Nd4 Rc5 62. a6 Ra5 63. Rb6 g3 64. a7 g2+ 65. Kg1 Rxa3 66.
Nxf5+ Kh7 67. Rh6+ Kg8 68. Ne7+ Kg7 69. Nf5+ Kg8 70. Ne7+ Kf8 71. a8=Q+ Rxa8
72. Rh8+ Kxe7 73. Rxa8 Kf6 74. Kf2 Kf5 75. Rg8 f6 76. Kf3 Nd3 77. Kxg2 Ne5 78.
Kg3 Ng6 79. Ra8 Ne5 80. Ra6 Kg5 81. Re6 Kf5 82. Re8 Kg5 83. Rb8 Kf5 84. Rb1 Kg5
85. Rf1 Ng6 86. Kf3 Kf5 87. Ke3+ Ke5 88. Ra1 f5 89. Kf3 Kf6 90. Ra8 Kg5 91. Kg3
Kf6 92. Ra1 Kg5 93. Rg1 Ne5 94. Kf2+ Kf4 95. Rg8 Ng4+ 96. Ke2 Ne5 97. Ra8 Kg5
98. Ke3 Ng6 99. Kf3 Ne5+ 100. Kg3 f4+ 101. Kh3 Kf5 102. Ra4 Kg5 103. Re4 Kf5
104. Re1 Nd3 105. Re8 Ne5 106. Kh4 Ng6+ 107. Kh3 Ne5 108. Rf8+ Kg5 109. Rxf4
1/2-1/2

[Event "Andorra open"]
[Site "Escaldes"]
[Date "2022.07.26"]
[Round "3.16"]
[White "Girel, Joseph"]
[Black "Bottazzi, Ulysse"]
[Result "1-0"]
[WhiteElo "2414"]
[BlackElo "2140"]
[PlyCount "111"]
[EventDate "2022.07.24"]
[EventCountry "AND"]

1. d4 Nf6 2. c4 g6 3. Nf3 Bg7 4. g3 O-O 5. Bg2 d6 6. O-O Bf5 7. Nc3 Ne4 8. Nd5
c6 9. Ne3 Be6 10. b3 f5 11. Bb2 Nd7 12. Qc2 d5 13. Nd1 Rc8 14. Nc3 Ndf6 15. e3
Kh8 16. Ne2 g5 17. Ne5 Qe8 18. f3 Nd6 19. c5 Nf7 20. b4 Nd7 21. Nd3 Nh6 22. a4
Bf7 23. Ne5 Bg6 24. Qd2 Bh5 25. Bc3 Nf7 26. Qb2 Nd8 27. e4 Nxe5 28. dxe5 e6 29.
Nd4 f4 30. exd5 exd5 31. Bh3 Rc7 32. e6 Bg6 33. Rae1 Kg8 34. b5 Bf6 35. b6 axb6
36. cxb6 Rg7 37. Nb3 Bxc3 38. Qxc3 Qe7 39. Nc5 Bf5 40. Bxf5 Rxf5 41. Qd4 fxg3
42. hxg3 Rf6 43. a5 Nxe6 44. Nxe6 Rxe6 45. Rxe6 Qxe6 46. Kg2 h5 47. Rf2 g4 48.
f4 c5 49. Qxc5 Qe4+ 50. Kh2 d4 51. Qc4+ Kh8 52. Re2 Qf3 53. Qe6 h4 54. Qh6+ Kg8
55. Re8+ Kf7 56. Qe6# 1-0

[Event "Andorra open"]
[Site "Escaldes"]
[Date "2022.07.26"]
[Round "3.17"]
[White "Arnott, Jonathan W"]
[Black "Almagro Llamas, Pablo"]
[Result "1/2-1/2"]
[WhiteElo "2160"]
[BlackElo "2394"]
[PlyCount "62"]
[EventDate "2022.07.24"]
[EventCountry "AND"]

1. e4 c5 2. Be2 Nc6 3. d3 e6 4. f4 g6 5. Nf3 Bg7 6. O-O Nge7 7. c3 O-O 8. Na3
b6 9. d4 cxd4 10. cxd4 Bb7 11. Be3 Nb4 12. Nc2 Nxc2 13. Qxc2 Rc8 14. Qd3 f5 15.
e5 Nd5 16. Bd2 Bh6 17. Ne1 d6 18. Qh3 Bg7 19. Nf3 Qd7 20. Rfc1 Rfd8 21. Rc4
Rxc4 22. Bxc4 Rc8 23. Bb3 a5 24. Ng5 h6 25. Nf3 a4 26. Bd1 Qb5 27. Rc1 Rxc1 28.
Bxc1 Qd3 29. Bxa4 Qb1 30. exd6 Qxc1+ 31. Kf2 Qe3+ 1/2-1/2

[Event "Andorra open"]
[Site "Escaldes"]
[Date "2022.07.26"]
[Round "3.18"]
[White "Pham Guerrero, Sergi"]
[Black "Jolly, Jean-Francois"]
[Result "0-1"]
[WhiteElo "2183"]
[BlackElo "2388"]
[PlyCount "48"]
[EventDate "2022.07.24"]
[EventCountry "AND"]

1. e4 e5 2. f4 exf4 3. Bc4 Qh4+ 4. Kf1 d6 5. Nf3 Qh6 6. Nc3 Be6 7. Qe2 Nd7 8.
Nb5 Kd8 9. d4 Ngf6 10. Rg1 g5 11. d5 Bg4 12. Nbd4 Bg7 13. h3 Nh5 14. Qf2 Ng3+
15. Qxg3 fxg3 16. Bxg5+ Qxg5 17. Nxg5 Bxd4 18. Nxf7+ Ke7 19. Nxh8 Bh5 20. Rh1
Bxb2 21. Be2 Bxe2+ 22. Kxe2 Bxa1 23. Ng6+ hxg6 24. Rxa1 Rf8 0-1

[Event "Andorra open"]
[Site "Escaldes"]
[Date "2022.07.26"]
[Round "3.19"]
[White "Sokolovsky, Yahli"]
[Black "Barros, Raul Junior"]
[Result "1-0"]
[WhiteElo "2386"]
[BlackElo "2174"]
[PlyCount "108"]
[EventDate "2022.07.24"]
[EventCountry "AND"]

1. e4 c5 2. Nf3 e6 3. d4 cxd4 4. Nxd4 Nf6 5. Nc3 d6 6. g4 h6 7. h4 Nc6 8. Rg1
d5 9. exd5 Nxd5 10. Nxd5 Qxd5 11. Bg2 Qe5+ 12. Be3 Bd7 13. Nxc6 Bxc6 14. Bxc6+
bxc6 15. Qd4 Bd6 16. O-O-O Qxd4 17. Bxd4 Bf4+ 18. Kb1 O-O 19. Bc5 Rfb8 20. a4
a5 21. Rd7 Be5 22. b3 Rd8 23. Rgd1 Bf6 24. h5 Rxd7 25. Rxd7 Bc3 26. Ka2 Rb8 27.
Rd3 Bb4 28. Bd6 Rb7 29. c3 Bxd6 30. Rxd6 Rc7 31. b4 Kf8 32. Kb3 Ke7 33. Rd1
axb4 34. cxb4 Ra7 35. f3 e5 36. a5 c5 37. b5 Rxa5 38. Kc4 Ra2 39. b6 Rb2 40.
Kxc5 Rc2+ 41. Kb5 g6 42. hxg6 fxg6 43. b7 Rb2+ 44. Kc6 Rc2+ 45. Kb6 Rb2+ 46.
Kc7 Rc2+ 47. Kb8 h5 48. gxh5 gxh5 49. Rh1 Rc3 50. Rxh5 Rxf3 51. Rxe5+ Kd7 52.
Ra5 Rb3 53. Ka8 Kc7 54. Ra7 Rg3 1-0

[Event "Andorra open"]
[Site "Escaldes"]
[Date "2022.07.26"]
[Round "3.20"]
[White "Gatineau, Yovann"]
[Black "Valle Luis, Leo"]
[Result "1-0"]
[WhiteElo "2368"]
[BlackElo "2089"]
[PlyCount "99"]
[EventDate "2022.07.24"]
[EventCountry "AND"]

1. e4 c6 2. d4 d5 3. e5 c5 4. Nf3 Nc6 5. dxc5 Bg4 6. c3 Bxf3 7. Qxf3 Nxe5 8.
Bb5+ Nc6 9. c4 e6 10. Be3 Qf6 11. Nd2 Qxf3 12. Nxf3 O-O-O 13. Bxc6 bxc6 14. Ne5
d4 15. Bd2 Bxc5 16. Nxf7 Nf6 17. Nxh8 Rxh8 18. f3 Kd7 19. O-O-O e5 20. Rhe1 Re8
21. Kc2 Bd6 22. Kd3 c5 23. h3 Kc6 24. a3 e4+ 25. fxe4 Bg3 26. Rf1 Nxe4 27. Be1
Bd6 28. Bh4 Ng3 29. Rde1 Rb8 30. Bxg3 Rb3+ 31. Ke4 Rxg3 32. Re2 Rb3 33. Rf7 g5
34. Rxh7 Bf4 35. Kf5 Be3 36. Rxa7 Kd6 37. Ra6+ Kd7 38. Re6 Kc7 39. Re5 Kb6 40.
Kg4 Bf4 41. Re7 Rg3+ 42. Kf5 Be3 43. b4 cxb4 44. axb4 Kc6 45. Re6+ Kd7 46. b5
Bf4 47. c5 Be3 48. c6+ Kc7 49. Re7+ Kb8 50. b6 1-0

[Event "Andorra open"]
[Site "Escaldes"]
[Date "2022.07.26"]
[Round "4.1"]
[White "Rathanvel, V S."]
[Black "Iniyan, P."]
[Result "1/2-1/2"]
[WhiteElo "2478"]
[BlackElo "2533"]
[PlyCount "22"]
[EventDate "2022.07.24"]
[EventCountry "AND"]

1. e4 c5 2. Nf3 d6 3. d4 cxd4 4. Nxd4 Nf6 5. Nc3 a6 6. h3 e6 7. g4 d5 8. exd5
Nxd5 9. Nde2 Bb4 10. Bg2 O-O 11. O-O Nxc3 1/2-1/2

[Event "Andorra open"]
[Site "Escaldes"]
[Date "2022.07.26"]
[Round "4.2"]
[White "Neugebauer, Martin"]
[Black "Zoler, Dan"]
[Result "1/2-1/2"]
[WhiteElo "2528"]
[BlackElo "2449"]
[PlyCount "68"]
[EventDate "2022.07.24"]
[EventCountry "AND"]

1. e4 c5 2. Nf3 d6 3. d4 cxd4 4. Nxd4 Nf6 5. Nc3 a6 6. f3 e6 7. Be3 b5 8. Qd2
Bb7 9. g4 Nfd7 10. O-O-O Nb6 11. Nb3 N8d7 12. Na5 Qc7 13. h4 b4 14. Ne2 d5 15.
Nxb7 Qxb7 16. exd5 Nxd5 17. Bd4 Rc8 18. Bg2 Bc5 19. f4 O-O 20. f5 N7b6 21. fxe6
fxe6 22. Rhf1 Rxf1 23. Rxf1 Qc7 24. Be4 Nc4 25. Qg5 Nce3 26. Rf3 Bxd4 27. Nxd4
Qh2 28. Bxh7+ Kh8 29. Bd3 Qg1+ 30. Bf1 Nxf1 31. Qh5+ Kg8 32. Qf7+ Kh7 33. Qh5+
Kg8 34. Qf7+ Kh7 1/2-1/2

[Event "Andorra open"]
[Site "Escaldes"]
[Date "2022.07.26"]
[Round "4.3"]
[White "Vestby-Ellingsen, Mads"]
[Black "Asis Gargatagli, Hipolito"]
[Result "1/2-1/2"]
[WhiteElo "2351"]
[BlackElo "2514"]
[PlyCount "72"]
[EventDate "2022.07.24"]
[EventCountry "AND"]

1. d4 Nf6 2. c4 g6 3. Nf3 Bg7 4. g3 O-O 5. Bg2 d6 6. O-O Nc6 7. Nc3 e5 8. dxe5
dxe5 9. Bg5 h6 10. Qxd8 Rxd8 11. Bxf6 Bxf6 12. Nd5 Kg7 13. Nxc7 Rb8 14. Rad1 e4
15. Nd2 Be5 16. Nd5 f5 17. b3 Be6 18. f3 exf3 19. exf3 Bxd5 20. cxd5 Bd4+ 21.
Kh1 Nb4 22. Nc4 Bf6 23. a4 Nxd5 24. f4 Nc3 25. Rd6 b5 26. axb5 Rxd6 27. Nxd6
Nxb5 28. Nxb5 Rxb5 29. Rf3 Rc5 30. Bf1 Rc1 31. Kg2 Bd4 32. Rd3 Rc2+ 33. Kh1 Bb6
34. Rd7+ Kf6 35. Rd6+ Kg7 36. Rd7+ Kf6 1/2-1/2

[Event "Andorra open"]
[Site "Escaldes"]
[Date "2022.07.26"]
[Round "4.4"]
[White "Jolly, Jean-Francois"]
[Black "Kobo, Ori"]
[Result "1/2-1/2"]
[WhiteElo "2388"]
[BlackElo "2534"]
[PlyCount "64"]
[EventDate "2022.07.24"]
[EventCountry "AND"]

{[%evp 0,64,19,38,25,7,30,29,28,3,39,-27,30,27,38,38,73,61,106,68,93,86,82,50,
55,53,144,65,40,12,8,19,48,26,18,25,28,11,15,15,44,26,11,12,10,-12,-23,-21,-4,
0,0,0,0,-4,1,25,27,24,27,11,45,44,32,17,29,31,31]} 1. e4 e5 2. Nf3 Nc6 3. Bb5
a6 4. Ba4 Nge7 5. c3 Ng6 6. d4 exd4 7. cxd4 Bb4+ 8. Nc3 d5 9. exd5 Bxc3+ 10.
bxc3 Qxd5 11. O-O O-O 12. Bb3 Qh5 13. h3 Na5 14. Ne5 Qxd1 15. Bxd1 Be6 16. f4
f6 17. Ng4 Bc4 18. Rf2 Ne7 19. Ne3 Bf7 20. Bf3 Rfd8 21. f5 Rac8 22. Rb1 Nd5 23.
Nxd5 Bxd5 24. Bh5 Bf7 25. Bf3 Bd5 26. Bh5 b5 27. Ba3 Nc4 28. Be7 Rd7 29. Bc5
Bf7 30. Bf3 Bd5 31. Bh5 Bf7 32. Bf3 Bd5 1/2-1/2

[Event "Andorra open"]
[Site "Escaldes"]
[Date "2022.07.26"]
[Round "4.5"]
[White "Sokolovsky, Yahli"]
[Black "Garriga Cazorla, Pere"]
[Result "1-0"]
[WhiteElo "2386"]
[BlackElo "2505"]
[PlyCount "149"]
[EventDate "2022.07.24"]
[EventCountry "AND"]

1. e4 c5 2. Nf3 Nc6 3. Bb5 g6 4. O-O Bg7 5. Re1 Nf6 6. e5 Nd5 7. Nc3 Nc7 8.
Bxc6 dxc6 9. Ne4 b6 10. Nf6+ Kf8 11. Ne4 h6 12. b3 Kg8 13. Bb2 Kh7 14. a4 a5
15. d3 Ne6 16. Nfd2 Nd4 17. Nc4 Qc7 18. Bxd4 cxd4 19. f4 Rf8 20. Qf3 Be6 21.
Ng3 Rad8 22. Qe4 b5 23. Nd2 Bd5 24. Qe2 f5 25. exf6 Rxf6 26. f5 gxf5 27. Qxe7
Rd7 28. Qe5 Qd8 29. Qf4 Bf8 30. Re2 Rdf7 31. Rf1 Bd6 32. Qh4 Qg8 33. Nde4 Bxe4
34. Nxe4 Rg6 35. Nxd6 Rxd6 36. Qf4 Rd5 37. Re6 Qg5 38. Rxc6 bxa4 39. bxa4 Rg7
40. g3 Qxf4 41. Rxf4 Rg6 42. Rc7+ Rg7 43. Rc4 Rgd7 44. Kf2 Kg6 45. Ke2 R7d6 46.
Kd2 Kg5 47. Rc8 Kg6 48. Rg8+ Kf7 49. Rb8 Ke7 50. Rf1 Rc5 51. Rb7+ Kd8 52. Rfb1
Rdc6 53. R1b2 f4 54. Rg7 fxg3 55. Rb8+ Rc8 56. Rxc8+ Kxc8 57. hxg3 Rf5 58. Rg6
h5 59. Rd6 Rg5 60. Rxd4 Rxg3 61. Rd5 h4 62. Rxa5 h3 63. Rh5 Rg2+ 64. Kc3 h2 65.
Rh7 Kb8 66. Kb3 Rd2 67. Kc3 Rg2 68. d4 Kc8 69. Kb3 Rd2 70. c3 Kb8 71. Kc4 Rc2
72. d5 Ra2 73. Kb4 Rb2+ 74. Kc5 Ra2 75. c4 1-0

[Event "Andorra open"]
[Site "Escaldes"]
[Date "2022.07.26"]
[Round "4.6"]
[White "Solodovnichenko, Yuri"]
[Black "Alonso Garcia, Aaron"]
[Result "1/2-1/2"]
[WhiteElo "2497"]
[BlackElo "2374"]
[PlyCount "40"]
[EventDate "2022.07.24"]
[EventCountry "AND"]

1. e4 c5 2. Nf3 e6 3. d4 cxd4 4. Nxd4 Nc6 5. Nc3 Qc7 6. Be3 a6 7. Qd2 Nf6 8.
O-O-O Be7 9. f3 b5 10. g4 Nxd4 11. Bxd4 Bb7 12. g5 Nh5 13. Be3 b4 14. Na4 d5
15. exd5 Bxd5 16. Nb6 Rd8 17. Nxd5 Rxd5 18. Bd3 O-O 19. Kb1 a5 20. Qc1 Bc5
1/2-1/2